| 000 | 00425nam a22001697a 4500 | ||
|---|---|---|---|
| 003 | OSt | ||
| 008 | 240322b |||||||| |||| 00| 0 eng d | ||
| 020 | _a9789354665066 | ||
| 082 | _a615.58 SHP | ||
| 100 | _aSHARMA, VARUN DUTT | ||
| 245 | _aPHARMACOTHERAPEUTICS: Practical note book | ||
| 260 |
_aNew Delhi _bCBS Pub. _c2024 |
||
| 300 | _a133 | ||
| 650 | _aPHARMACOTHERAPEUTICS | ||
| 700 | _aPANDAY, S.K | ||
| 942 |
_2ddc _cBK |
||
| 999 |
_c12253 _d12253 |
||